Medzinárodno-právna analýza ozbrojeného konfliktu v Líbyi v roku 2011

Salvato in:
Dettagli Bibliografici
Autore principale: Hraníková Pyteľová, Klaudia, 1985-
Ente Autore: Ekonomická univerzita v Bratislave. Fakulta medzinárodných vzťahov
Altri autori: Vršanský, Peter, Brocková, Katarína, 1976-, Mráz, Stanislav
Natura: Libro
Lingua:slovacco
Pubblicazione: Bratislava Vydavateľstvo EKONÓM 2021
Edizione:1. vydanie
Soggetti:
Tags: Aggiungi Tag
Nessun Tag, puoi essere il primo ad aggiungerne!!

MARC

LEADER 00000nam a2200000 4500
001 0272738
005 20240502074312.2
020 |a 978-80-225-4798-7 
041 0 |a slo 
044 |a SK 
245 1 0 |a Medzinárodno-právna analýza ozbrojeného konfliktu v Líbyi v roku 2011  |c Klaudia Hraníková Pyteľová ; recenzenti: Peter Vršanský, Katarína Brocková, Stanislav Mráz 
250 |a 1. vydanie 
264 1 |a Bratislava  |b Vydavateľstvo EKONÓM  |c 2021 
300 |a 63 s. [3,32 AH] 
610 2 0 |a právo medzinárodné 
610 2 0 |a vzťahy medzinárodné 
610 2 0 |a analýzy 
610 2 0 |a konflikty medzinárodné 
610 2 0 |a zbrane 
610 2 0 |a demonštrácie 
610 2 0 |a Líbya 
100 1 |a Hraníková Pyteľová, Klaudia, 1985- 
700 1 |a Vršanský, Peter 
700 1 |a Brocková, Katarína, 1976- 
700 1 |a Mráz, Stanislav 
710 2 |a Ekonomická univerzita v Bratislave. Fakulta medzinárodných vzťahov